Thinking in Java (Record no. 166797)
[ view plain ]
| 000 -LEADER | |
|---|---|
| fixed length control field | 00344nam a2200145Ia 4500 |
| 008 - FIXED-LENGTH DATA ELEMENTS--GENERAL INFORMATION | |
| fixed length control field | 231217s9999 xx 000 0 und d |
| 041 ## - LANGUAGE CODE | |
| Language code of text/sound track or separate title | English |
| 082 ## - DEWEY DECIMAL CLASSIFICATION NUMBER | |
| Classification number | 001.6424JAV ECK `R' |
| 100 ## - MAIN ENTRY--PERSONAL NAME | |
| Personal name | Eckel, Bruce |
| 245 #0 - TITLE STATEMENT | |
| Title | Thinking in Java |
| 260 ## - PUBLICATION, DISTRIBUTION, ETC. | |
| Date of publication, distribution, etc. | 1998 |
| Name of publisher, distributor, etc. | New Jersey : Prentice-Hall, |
| 300 ## - PHYSICAL DESCRIPTION | |
| Extent | 1098 |
| 650 ## - SUBJECT ADDED ENTRY--TOPICAL TERM | |
| Topical term or geographic name entry element | Java |
| 942 ## - ADDED ENTRY ELEMENTS (KOHA) | |
| Koha item type | Books |
| Date last seen | Total checkouts | Full call number | Accession number | Date due | Date last checked out | Uniform resource identifier | Cost, total (INR) price | Price effective from | Category | Public note | Lost status | Damaged status | Department | Withdrawn status | Home library | Current library | Shelving location | Entry date | Cost, normal purchase price | Grants | Billnumber | Billdate | Currency symbol | Conversion rate | Discount | Old discount |
|---|---|---|---|---|---|---|---|---|---|---|---|---|---|---|---|---|---|---|---|---|---|---|---|---|---|---|
| 01/04/2024 | 1 | 001.6424JAV ECK `R' | 14780 | 24/08/2001 | 01/04/2024 | digital/CD855/Home.htm | 445.78 | 26/01/2024 | Books | Issued to MCA/3219/Prabhu Salimath | Central Library | Central Library | Central Library | Central Library | 28/01/2000 | 445.78 | CS | 78 | 23/11/2002 | RS | 1 | |||||
| 26/01/2024 | 001.6424JAV ECK;1`R1' | 14811 | digital/CD855/Home.htm | 446.75 | 26/01/2024 | Books | Central Library | Central Library | Central Library | Central Library | 01/03/2000 | 446.76 | CS | 1094 | 29/10/2002 | RS | 1 |
